[Event "XXIV Open"]
[Site "Metz FRA"]
[Date "2006.04.22"]
[Round "1"]
[White "Marchal,C"]
[Black "Haub,TM"]
[Result "0-1"]
[WhiteElo "1906"]
[BlackElo "2441"]

1.e4 g6 2.d4 Bg7 3.Nc3 d6 4.f4 a6 5.Nf3 e6 6.Bd3 Ne7 7.O-O O-O 8.Be3 f5 9.e5 b5
10.Qe1 Bb7 11.Ng5 Qd7 12.Ne2 Nd5 13.Bd2 c5 14.c4 bxc4 15.Bxc4 Nc6 16.Bc3 h6
17.Bxd5 exd5 18.Nf3 Rfe8 19.Qg3 Re6 20.Qf2 dxe5 21.fxe5 cxd4 22.Nexd4 Nxd4
23.Bxd4 Rc8 24.Rac1 g5 25.Rxc8+ Qxc8 26.Re1 f4 27.Qd2 Qd8 28.Qf2 Bc8 29.Qc2 Bd7
30.h3 Be8 31.Rc1 Rc6 32.Qd2 Qc7 33.Rxc6 Qxc6 34.Qc3 Qxc3 35.Bxc3 Bd7 36.Kf2 Kf7
37.Ne1 Bf5 38.b4 Bf8 39.Nf3 Bd7 40.Nd4 Be7 41.Kf3 Kg6 42.Nb3 Bc6 43.Nd4 Ba4
44.a3 h5 45.Ne6 Bd1+ 46.Kf2 Kf5 47.Nc7 Ke4 48.Nxa6 d4 49.Bd2 Kxe5 50.Nc5 Bc2
51.Ke2 Kd5 52.Nb3 Ke4 53.Nc5+ Kf5 54.Nd3 Bd6 55.Bc1 Ba4 56.Nc5 Bb5+ 57.Kf2 g4
58.hxg4+ hxg4 59.Nb3 Ke4 60.Nc5+ Kd5 61.Nb3 Ba4 62.Nd2 d3 63.Bb2 Bc7 64.Ke1 Bb6
65.Bc3 Be3 66.Nf1 Bg1 67.Nd2 Ba7 68.Nf1 g3 69.Nd2 Bf2+ 70.Kf1 Bd1  0-1

[Event "Spring NAm GMB"]
[Site "Schaumburg USA"]
[Date "2006.04.22"]
[Round "9"]
[White "Kopec,D"]
[Black "Gurevich,D"]
[Result "1-0"]
[WhiteElo "2362"]
[BlackElo "2503"]

1.e4 g6 2.d4 Bg7 3.Nc3 d6 4.f4 Nf6 5.Bc4 Nxe4 6.Bxf7+ Kxf7 7.Nxe4 h6 8.Nf3 c6
9.Qe2 Rf8 10.Be3 Qa5+ 11.c3 Kg8 12.Nh4 Qd5 13.Ng3 Qe6 14.O-O Qf6 15.Nf3 Qf7
16.Rae1 b6 17.b3 Ba6 18.c4 b5 19.Rc1 bxc4 20.bxc4 Nd7 21.f5 gxf5 22.Nh4 e6
23.Nh5 Nf6 24.Nxg7 Kxg7 25.Bf4 Ne4 26.Rf3 Qh5 27.Qe1 Kh7 28.Ra3 Bb7 29.Rb1 Rf7
30.Rbb3 c5 31.Rh3 Rg8 32.d5 Rfg7 33.Rag3 Nxg3 34.hxg3 Re7 35.Nf3 Qxh3 36.gxh3 e5
37.Kh2 Ba6 38.Qe2 Rb8 39.Bc1 Rg8 40.Nh4 f4 41.Qe4+ Kh8 42.Ng6+ Rxg6 43.Qxg6 fxg3+
44.Qxg3 Rg7 45.Qh4  1-0

[Event "8th Dubai Open"]
[Site "Dubai UAE"]
[Date "2006.04.23"]
[Round "1"]
[White "Jha,S"]
[Black "Simonenko,S"]
[Result "0-1"]
[WhiteElo "2074"]
[BlackElo "2409"]

1.e4 g6 2.d4 Bg7 3.Nc3 d6 4.Be3 c6 5.Qd2 b5 6.a4 b4 7.Nd1 a5 8.f3 Nd7 9.Bd3 Ngf6
10.Ne2 O-O 11.Bh6 e5 12.Bxg7 Kxg7 13.Ne3 Nb6 14.dxe5 dxe5 15.O-O Be6 16.Rfd1 Ra7
17.Qe1 Rd7 18.g4 h5 19.Qg3 hxg4 20.fxg4 Qb8 21.Rf1 Rh8 22.Nf5+ Bxf5 23.gxf5 Rh6
24.Rf2 c5 25.b3 Qc7 26.c4 Nh5 27.Qe3 Nf4 28.f6+ Kh7 29.Nxf4 exf4 30.Qf3 Qe5
31.Rd1 Rh4 32.Bc2 Rxd1+ 33.Qxd1 Qxf6 34.Qe1 Nd7  0-1

[Event "TCh-HUN 2005-6"]
[Site "Hungary HUN"]
[Date "2006.04.23"]
[Round "11"]
[White "Ruck,T"]
[Black "Istvanovski,K"]
[Result "1-0"]
[WhiteElo "2297"]
[BlackElo "2217"]

1.e4 g6 2.d4 Bg7 3.Nc3 d6 4.Be3 Nf6 5.f3 O-O 6.Qd2 Re8 7.O-O-O c6 8.h4 h5
9.Bh6 Qa5 10.Kb1 b5 11.Bxg7 Kxg7 12.e5 Ng8 13.g4 hxg4 14.h5 Be6 15.hxg6 fxg6
16.d5 cxd5 17.Bxb5 Rf8 18.Qh2 Rf7 19.exd6 d4 20.dxe7 Nd7 21.Qh8+  1-0

[Event "TCh-NED 2005-6"]
[Site "Netherlands NED"]
[Date "2006.04.23"]
[Round "9"]
[White "Lemmers,O"]
[Black "Deleyn,G"]
[Result "1/2-1/2"]
[WhiteElo "2425"]
[BlackElo "2300"]

1.e4 g6 2.d4 Bg7 3.Nc3 d6 4.Nf3 Bg4 5.Be3 Nc6 6.Be2 e5 7.dxe5 dxe5 8.O-O Bxf3
9.Bxf3 Nd4 10.Be2 Nf6 11.Bd3 Qd7 12.f3 O-O 13.a4 Nh5 14.Ne2 Ne6 15.Bb5 Qe7
16.c3 Rfd8 17.Qc2 Bf6 18.Rfd1 a6 19.Bc4 Bg5 20.Bf2 Rxd1+ 21.Rxd1 Rd8 22.Rxd8+ Nxd8
23.g3 Qd7 24.Kg2 Qd2 25.Qxd2 Bxd2 26.Bc5 Kg7 27.Bd5 Kf6 28.Kf2 Ng7 29.h4 Nge6
30.Ba3 c6 31.Bb3 b5 32.axb5 axb5 33.Ng1 Nb7 34.Ba2 Bc1 35.Ke2 b4 36.cxb4 Nd4+
37.Kd3 Nd6 38.f4 N6b5 39.fxe5+ Kxe5 40.Bxf7 Nxa3 41.bxa3 Bxa3 42.Bg8 Bxb4
43.Bxh7 Be1 44.Bxg6 Bxg3 45.h5 Ne6 46.Kc4 Bf2 47.Nf3+ Kf4 48.Nd2 Be3 49.Nf1 Bc1
50.Bf5 Ng7 51.h6 Nxf5 52.exf5 Kxf5 53.Ne3+ Kg6 54.Kc5  1/2-1/2

[Event "XIII TCh-RUS 1st League"]
[Site "Sochi RUS"]
[Date "2006.04.23"]
[Round "4"]
[White "Lanin,A"]
[Black "Tseshkovsky,V"]
[Result "1-0"]
[WhiteElo "2447"]
[BlackElo "2572"]

1.e4 d6 2.d4 g6 3.Nc3 Bg7 4.f4 Nf6 5.Nf3 O-O 6.Bd3 Na6 7.O-O c5 8.d5 Rb8
9.f5 b5 10.fxg6 hxg6 11.Bxb5 Nxe4 12.Nxe4 Rxb5 13.Qe1 Nc7 14.Qh4 f6 15.c4 Rb7
16.Bd2 Rf7 17.Bc3 Bf5 18.Neg5 fxg5 19.Nxg5 Bxc3 20.Nxf7 Kxf7 21.bxc3 Kg7
22.g4 Bd3 23.Rf3 Rb1+ 24.Rxb1 Bxb1 25.Rh3 Kf7 26.Qe1 e5 27.dxe6+ Nxe6 28.Rf3+ Bf5
29.gxf5 Ng5 30.fxg6+ Kg7 31.Rg3 Qf6 32.Qe3 Ne6 33.Rf3 Qe5 34.Qxe5+ dxe5 35.Rf7+ Kxg6
36.Rd7 Ng5 37.a4  1-0

[Event "8th Dubai Open"]
[Site "Dubai UAE"]
[Date "2006.04.25"]
[Round "3"]
[White "El Arousy,A"]
[Black "Aryanejad,H"]
[Result "1/2-1/2"]
[WhiteElo "2369"]
[BlackElo "2236"]

1.d4 d6 2.e4 g6 3.Nc3 Bg7 4.Be3 Nd7 5.Qd2 c6 6.f3 b5 7.Nh3 Nb6 8.Nf2 b4 9.Ncd1 a5
10.a3 bxa3 11.Rxa3 Nf6 12.Be2 O-O 13.O-O Be6 14.Rxa5 Qc7 15.Rxa8 Rxa8 16.b3 c5
17.dxc5 dxc5 18.Nd3 Nfd7 19.Nf4 Nf8 20.Nc3 Rd8 21.Ncd5 Bxd5 22.Nxd5 Nxd5
23.exd5 Ne6 24.Bc4 Nd4 25.g4 e6 26.dxe6 Nxe6 27.Qf2 Nf4 28.Kh1 Bd4 29.Bxf4 Qxf4
30.Qg3 Qxg3 31.hxg3 Kf8 32.Kh2 Bg7 33.Rf2 h6 34.Bd3 Bc3 35.f4 Re8 36.Rf3 Bd4
37.Rf1 g5 38.Bc4 f6 39.Rh1 Kg7 40.Rd1 Re4 41.Rf1 Re3  1/2-1/2

[Event "Grand Prix"]
[Site "Galati ROM"]
[Date "2006.04.26"]
[Round "1"]
[White "Ionica,I"]
[Black "Vajda,L"]
[Result "0-1"]
[WhiteElo "2248"]
[BlackElo "2511"]

1.e4 g6 2.d4 Bg7 3.Nc3 d6 4.h3 Nd7 5.Nge2 e5 6.Be3 Ne7 7.g3 O-O 8.Bg2 a5
9.O-O a4 10.a3 Kh8 11.Qd2 Nc6 12.Nd5 exd4 13.Nxd4 Nde5 14.Bh6 Nxd4 15.Bxg7+ Kxg7
16.Qxd4 f6 17.f4 Nc6 18.Qc3 Be6 19.Ne3 Ra5 20.b4 axb3 21.cxb3 Ra8 22.b4 Ne7
23.Rfd1 c6 24.Qd4 Nc8 25.g4 Kg8 26.Kf2 g5 27.f5 Bf7 28.h4 h6 29.Bf1 Qe7 30.Bc4 b5
31.Be2 Ra7 32.hxg5 hxg5 33.Bf3 Qe5 34.Qd2 Kg7 35.Rh1 Rh8 36.Nc2 Bb3 37.Bd1 Bxc2
38.Qxc2 Qf4+ 39.Bf3 Rxa3 40.Qe2 Nb6  0-1

[Event "8th Dubai Open"]
[Site "Dubai UAE"]
[Date "2006.04.27"]
[Round "5"]
[White "Pourkashiyan,A"]
[Black "Sturua,Z"]
[Result "1-0"]
[WhiteElo "2311"]
[BlackElo "2524"]

1.e4 g6 2.d4 Bg7 3.Nc3 d6 4.g3 Nf6 5.Bg2 O-O 6.Nge2 Na6 7.O-O c5 8.h3 cxd4
9.Nxd4 Nc7 10.Be3 d5 11.e5 Ne4 12.Nxe4 dxe4 13.f4 exf3 14.Qxf3 e6 15.Rad1 Qe7
16.Nb3 b6 17.Qg4 Ba6 18.Bg5 Qe8 19.c4 Rc8 20.Nd4 Na8 21.b3 Bxe5 22.Nc6 Rxc6
23.Rd8 Qxd8 24.Bxd8 Rc8 25.Be7 Rfe8 26.Bg5 b5 27.Qf3 Rc7 28.Rc1 bxc4 29.bxc4 Nb6
30.c5 Nd5 31.Qe4 Bb2 32.Qa4 Rb8 33.Qxa6 Bxc1 34.Bxc1 Rxc5 35.Bh6 Rb1+ 36.Kh2 Rc7
37.Qd6  1-0

[Event "XXIV Open"]
[Site "Metz FRA"]
[Date "2006.04.27"]
[Round "6"]
[White "Bauer,Ch"]
[Black "Shirazi,K"]
[Result "1/2-1/2"]
[WhiteElo "2638"]
[BlackElo "2405"]

1.e4 g6 2.d4 Bg7 3.Nc3 d6 4.Be3 c6 5.Qd2 b5 6.Bd3 Nd7 7.Nf3 Nb6 8.h3 Qc7
9.O-O Nf6 10.b3 O-O 11.a4 b4 12.Ne2 a5 13.Ng3 c5 14.dxc5 dxc5 15.Bf4 Qc6
16.Bb5 Qb7 17.Ne5 Bd7 18.Nxd7 Nfxd7 19.Rad1 Rfd8 20.Be3 Qc7 21.f4 Nf8 22.Qf2 Ne6
23.e5 Nd5 24.Bc4 Nxe3 25.Qxe3 Nd4 26.Rd2 Kh8 27.h4 f6 28.f5 Qxe5 29.Qxe5 fxe5
30.Rd3 e4 31.Nxe4 Nxf5 32.Kh2 Rd4 33.Rxd4 Bxd4 34.Bd3 h6 35.h5 Ne3 36.Rf7 gxh5
37.Rxe7 Rg8 38.g3 h4 39.gxh4 Rg2+ 40.Kh3 Rg1 41.Ng3 Kg8 42.h5 Kf8 43.Re4 Kf7
44.Rf4+ Ke6 45.Rf3 Kd5 46.Be4+ Ke5 47.Bg6 Kd5 48.Be4+ Ke5 49.Bg6  1/2-1/2

[Event "8th Dubai Open"]
[Site "Dubai UAE"]
[Date "2006.04.28"]
[Round "6"]
[White "Pourkashiyan,A"]
[Black "Petrosian,TL"]
[Result "0-1"]
[WhiteElo "2311"]
[BlackElo "2571"]

1.e4 d6 2.d4 g6 3.Nc3 Bg7 4.g3 e5 5.dxe5 Bxe5 6.Bg2 Bg7 7.Nge2 Nf6 8.O-O O-O
9.Be3 Nc6 10.h3 Bd7 11.b3 Re8 12.Qd2 b5 13.f3 b4 14.Nd5 Nxd5 15.exd5 Ne7
16.Bg5 h6 17.Bxh6 Bxa1 18.Rxa1 Nf5 19.Nd4 Qf6 20.Rd1 Nxh6 21.Qxh6 Qe5 22.f4 Qe3+
23.Kh2 Qf2 24.Qg5 Re4 25.Qf6 Re3 26.Qg5 Re4 27.Qf6 Rae8 28.f5 Re3 29.Qh4 Re2
30.Nxe2 Rxe2 31.Qd8+ Kg7 32.f6+ Kh7 33.Rg1 Bxh3 34.Qf8 Qxf6 35.Kxh3 Qf5+
36.Kh4 Qf6+ 37.Kh3 Qf5+ 38.g4 Re3+ 39.Kh2 Qf4+ 40.Kh1 Re8 41.Rf1 Qxf1+ 42.Bxf1 Rxf8
43.Kg2 Kh6 44.Kf3 Kg5 45.Bb5 Rh8 46.Kg3 Rh1  0-1

[Event "XXIV Open"]
[Site "Metz FRA"]
[Date "2006.04.28"]
[Round "7"]
[White "Meijers,V"]
[Black "Bauer,Ch"]
[Result "1-0"]
[WhiteElo "2482"]
[BlackElo "2638"]

1.e4 g6 2.d4 Bg7 3.Nc3 d6 4.Be3 a6 5.a4 Nf6 6.h3 O-O 7.Nf3 b6 8.Qd2 Bb7 9.Bd3 Nbd7
10.e5 dxe5 11.dxe5 Nh5 12.e6 Bxf3 13.gxf3 Ne5 14.exf7+ Rxf7 15.O-O-O Nxd3+
16.Qxd3 Qxd3 17.Rxd3 Be5 18.Bg5 Bf4+ 19.Bxf4 Nxf4 20.Re3 Rd8 21.h4 Kf8 22.Rg1 Rd4
23.Rg4 c5 24.a5 bxa5 25.Ne4 Rf5 26.c3 Rdd5 27.Ng5 h6 28.Rxf4 hxg5 29.Rfe4 gxh4
30.Rxh4 Rh5 31.Rhe4 Rh1+ 32.Kc2 Rf1 33.Re2 Rf5 34.f4 g5 35.fxg5 R1xf2 36.Rxe7 Rxg5
37.Kb3 Rg4 38.Re8+ Kf7 39.R2e7+ Kf6 40.Re6+ Kf7 41.R8e7+ Kf8 42.Rb7 a4+ 43.Ka2 Rf7
44.Rb8+ Kg7 45.Rxa6 Rc7 46.Ka3 Kf7 47.Rh8 Kg7 48.Rah6 Re7 49.R8h7+ Kf8 50.Rf6+ Ke8
51.Rh8+ Kd7 52.Ra6 Rge4 53.Rhh6 Kc8 54.Rh5 Rc7 55.Ra5 c4 56.Rxa4 Re1 57.Ka2 Re6
58.Rb5 Rec6 59.Ra8+ Kd7 60.Rbb8 Rc5 61.Ka3 Re5 62.Rd8+ Kc6 63.Ra4 Rc5 64.Rd4 Kb6
65.Rb4+ Ka6 66.Ka2 Ra5+ 67.Kb1 Rac5 68.Kc2 R5c6 69.Rd1 Rb6 70.Ra1+ Kb7 71.Raa4 Rxb4
72.Rxb4+ Ka6 73.Kd2 Rd7+ 74.Ke2 Re7+ 75.Kf3 Re1 76.Rxc4 Kb5 77.Rd4 Rb1 78.Rb4+ Kc5
79.Ke2 Rh1  1-0

[Event "8th Dubai Open"]
[Site "Dubai UAE"]
[Date "2006.04.29"]
[Round "7"]
[White "Sale,S"]
[Black "Aryanejad,H"]
[Result "1-0"]
[WhiteElo "2453"]
[BlackElo "2236"]

1.d4 d6 2.e4 g6 3.Nc3 Bg7 4.Bg5 Nc6 5.Bb5 Qd7 6.Nge2 a6 7.Ba4 Nf6 8.f3 h6
9.Be3 b5 10.Bb3 O-O 11.Qd2 Kh7 12.Rd1 e5 13.d5 Ne7 14.O-O g5 15.Ng3 Rg8 16.Nce2 Ng6
17.c4 Nf4 18.Rc1 h5 19.Nh1 Bh6 20.Nf2 b4 21.Kh1 g4 22.Nxf4 g3 23.hxg3 Rxg3
24.N4h3 Bxe3 25.Qxe3 Ng4 26.Nxg4 hxg4 27.Ng5+ Kg6 28.Kh2  1-0

[Event "XXIV Open"]
[Site "Metz FRA"]
[Date "2006.04.29"]
[Round "8"]
[White "Dobias,R"]
[Black "Haub,TM"]
[Result "0-1"]
[WhiteElo "2246"]
[BlackElo "2441"]

1.e4 g6 2.d4 Bg7 3.Nc3 d6 4.Be3 a6 5.Qd2 Nd7 6.f3 h6 7.Nge2 e6 8.g4 b5 9.Ng3 Ne7
10.Bg2 d5 11.O-O Nb6 12.b3 dxe4 13.fxe4 b4 14.Nce2 e5 15.Rad1 Bxg4 16.Qxb4 O-O
17.dxe5 Nd7 18.h3 Be6 19.Qd2 Kh7 20.Nf4 Nxe5 21.Nxe6 fxe6 22.Ne2 Rxf1+ 23.Rxf1 Qe8
24.Nf4 N7c6 25.Qe2 a5 26.Bf3 Nxf3+ 27.Qxf3 Ne5 28.Qe2 Qc6 29.Bc1 a4 30.Nd3 axb3
31.Nxe5 Qc5+ 32.Qe3 Qxe3+ 33.Bxe3 bxa2 34.Bd4 Ra5 35.Ra1 Bxe5 36.Bxe5 Rxe5
37.Rxa2 Rxe4 38.Ra6 Rc4 39.Rxe6 Rxc2 40.Re7+ Kg8 41.Rd7 Kf8 42.Rh7 h5 43.Rd7 Ke8
44.Rg7 Rc6 45.Kg2 Kd8 46.Kg3 Re6 47.Kf4 Kc8 48.h4 Kb8 49.Rd7 Kb7 50.Rg7 Kb6
51.Kg5 c5 52.Rxg6 Rxg6+ 53.Kxg6 c4 54.Kxh5 c3  0-1

[Event "WSB Masters"]
[Site "Wroclaw POL"]
[Date "2006.04.29"]
[Round "5"]
[White "Tazbir,M"]
[Black "Maryasin,B"]
[Result "1-0"]
[WhiteElo "2402"]
[BlackElo "2371"]

1.e4 g6 2.d4 d6 3.Nc3 Bg7 4.g3 Nc6 5.d5 Ne5 6.Bg2 Nf6 7.h3 O-O 8.Nge2 c6
9.O-O cxd5 10.exd5 Bd7 11.b3 Be8 12.Be3 Qa5 13.a4 Rc8 14.Bd4 a6 15.Qc1 e6
16.f4 Nxd5 17.Nxd5 exd5 18.fxe5 dxe5 19.Bb2 d4 20.Ba3 d3 21.Qe1 Qb6+ 22.Qf2 Qxf2+
23.Rxf2 e4 24.Re1 e3 25.Rf4 Rxc2 26.Bf3 Bc6 27.Bxf8 Bxf3 28.Rxf3 Rxe2 29.Rxe2 dxe2
30.Bb4 Bd4 31.Rf4 Bb2 32.Kg2 Bc1 33.Kf3  1-0

[Event "8th Dubai Open"]
[Site "Dubai UAE"]
[Date "2006.04.30"]
[Round "8"]
[White "Sethuraman,S"]
[Black "Simonenko,S"]
[Result "1-0"]
[WhiteElo "2231"]
[BlackElo "2409"]

1.e4 g6 2.d4 Bg7 3.Nc3 d6 4.Be3 a6 5.Qd2 Nd7 6.f3 b5 7.h4 h5 8.Nh3 e6 9.O-O-O Ne7
10.g4 hxg4 11.fxg4 Nf6 12.Nf2 Bb7 13.Bg2 Qd7 14.Bf3 b4 15.Ne2 Qa4 16.Kb1 d5
17.e5 Ne4 18.Bxe4 dxe4 19.Rh3 O-O-O 20.Bg5 Rd7 21.Bxe7 Rxe7 22.Qe3 Rd8 23.Nxe4 Qb5
24.Rd3 Bd5 25.b3 a5 26.Nc5 f6 27.Nf4 fxe5 28.Nxg6 Rf7 29.dxe5 Qe8 30.h5 Rf1+
31.Kb2 Qf7 32.Rd2 Rg8 33.g5 Rf5 34.Qe2 Rxe5 35.Nxe5 Qf5 36.Re3 Qxg5 37.Qa6+ Kd8
38.Nxe6+  1-0

[Event "Open A"]
[Site "Djakovo CRO"]
[Date "2006.05.03"]
[Round "6"]
[White "Saric,A"]
[Black "Drazic,S"]
[Result "1-0"]
[WhiteElo "2474"]
[BlackElo "2497"]

1.d4 d6 2.e4 g6 3.Nc3 Bg7 4.Be3 a6 5.Qd2 Nd7 6.O-O-O b5 7.h4 Bb7 8.f3 h5
9.Nh3 Ngf6 10.Ng5 e5 11.d5 Nb6 12.a3 Qe7 13.Kb1 Rb8 14.Na2 O-O 15.g4 hxg4
16.h5 Nxh5 17.fxg4 Nf4 18.Nh7 Rfe8 19.g5 Nd7 20.Bh3 Nf8 21.Nf6+ Bxf6 22.gxf6 Qxf6
23.Rdf1 g5 24.Nc3 N8g6 25.Ne2 Kg7 26.Qa5 c6 27.Ng3 Rh8 28.dxc6 Bxc6 29.Qxa6 Bb7
30.Qa7 Nh4 31.Rhg1 Qd8 32.Bxf4 gxf4 33.Rxf4 Ng6 34.Rf3 Kf8 35.Ne2 Ke7 36.Qf2 Rf8
37.Bf5 Qe8 38.Rf1  1-0

[Event "4th TCh-SCG"]
[Site "Vrnjacka Banja SCG"]
[Date "2006.05.05"]
[Round "5"]
[White "Leskur,D"]
[Black "Kosoric,L"]
[Result "1-0"]
[WhiteElo "2475"]
[BlackElo "2101"]

1.e4 d6 2.d4 g6 3.Nc3 Bg7 4.f4 Nf6 5.Nf3 O-O 6.Bd3 c5 7.dxc5 dxc5 8.O-O Nc6
9.Kh1 Bg4 10.e5 Nd5 11.Ne4 b6 12.c3 Nc7 13.h3 Bf5 14.Qe2 Qc8 15.Be3 c4 16.Bc2 Na5
17.g4 Be6 18.Bd4 Bd5 19.f5 Nb5 20.e6 Nxd4 21.exf7+ Rxf7 22.Nxd4 Bxd4 23.cxd4 gxf5
24.gxf5 Kh8 25.Kh2 Nc6 26.Ng3 Qc7 27.Qe3 Rg8 28.Rf4 Rfg7 29.Rg1 Qd6 30.a3 b5
31.Be4 Bxe4 32.Qxe4 a5 33.f6 exf6 34.Nf5 Qxf4+ 35.Qxf4 Rxg1 36.Ne3 R8g6 37.h4 Re1
38.h5 Re2+ 39.Kh3 Rg7 40.Ng4 Re1 41.Qxf6 Rb1 42.Nh2 h6 43.Qxh6+ Kg8 44.Qxc6 Rbg1
45.Qxb5 R7g3+ 46.Kh4 R1g2 47.Qe8+ Kg7 48.Qe7+ Kh6 49.Qe6+ Kg7 50.Ng4 Rg1
51.Kg5 R3g2 52.Qe7+ Kh8 53.Kh6  1-0

[Event "Open"]
[Site "Salsomaggiore ITA"]
[Date "2006.05.12"]
[Round "2"]
[White "Annoni,R"]
[Black "Mrdja,M"]
[Result "0-1"]
[WhiteElo "2075"]
[BlackElo "2409"]

1.e4 g6 2.d4 Bg7 3.Nc3 d6 4.f4 a6 5.Nf3 Nd7 6.Be3 b5 7.a3 Bb7 8.Be2 e6 9.O-O Ne7
10.Qe1 Rc8 11.e5 c5 12.dxc5 Nf5 13.Bf2 dxe5 14.Nxe5 Nxe5 15.fxe5 Qg5 16.g4 h5
17.h4 hxg4 18.Nxb5 g3 19.Bxg3 Rxh4  0-1

[Event "Open"]
[Site "Salsomaggiore ITA"]
[Date "2006.05.12"]
[Round "2"]
[White "Rezzuti,V"]
[Black "Bozuffi,I"]
[Result "0-1"]
[WhiteElo "2079"]
[BlackElo "1866"]

1.e4 g6 2.d4 Bg7 3.Nc3 d6 4.f4 b6 5.Nf3 Bb7 6.Bd3 e6 7.Be3 Ne7 8.Qe2 Nd7
9.O-O a6 10.Rad1 O-O 11.e5 d5 12.Nb1 b5 13.Nbd2 c6 14.g4 Kh8 15.Qg2 f5 16.Ng5 fxg4
17.Nxe6 Qc8 18.Nxf8 Nxf8 19.Nb3 Nf5 20.Bxf5 Qxf5 21.Nc5 Bc8 22.c3 Ne6 23.Nxe6 Bxe6
24.a4 bxa4 25.Ra1 Qd3 26.Qd2 Qb5 27.Qc2 Bf5 28.Qxa4 Qd3 29.Bf2 Be4 30.Qd1 Qh3  0-1

[Event "1st Open"]
[Site "Sofia BUL"]
[Date "2006.05.12"]
[Round "3"]
[White "Andreev,Do"]
[Black "Radulov,I"]
[Result "0-1"]
[WhiteElo "2173"]
[BlackElo "2346"]

1.e4 d6 2.d4 g6 3.Nc3 Bg7 4.Be3 c6 5.Qd2 b5 6.a4 b4 7.Na2 a5 8.Nc1 f5 9.f3 Nf6
10.Bh6 Bxh6 11.Qxh6 fxe4 12.fxe4 Nxe4 13.Bd3 Nf6 14.Bxg6+ Kd7 15.Bd3 Qg8
16.Nge2 Kc7 17.Nb3 Be6 18.Nd2 Nbd7 19.b3 Ng4 20.Qh4 Ne3 21.Nf4 Rf8 22.Rg1 Qg4
23.Qxg4 Bxg4 24.h3 Rxf4 25.hxg4 Rxd4 26.Ke2 Nxg4  0-1

[Event "Open"]
[Site "Salsomaggiore ITA"]
[Date "2006.05.14"]
[Round "5"]
[White "Peric,Sl"]
[Black "Gromovs,S"]
[Result "0-1"]
[WhiteElo "2288"]
[BlackElo "2315"]

1.d4 d6 2.e4 g6 3.Nc3 Bg7 4.Nf3 Bg4 5.Be2 Nc6 6.Be3 e5 7.d5 Nce7 8.Nd2 Bd7
9.a4 f5 10.f3 Bh6 11.Nc4 Bxe3 12.Nxe3 f4 13.Nc4 Nf6 14.Na5 Rb8 15.b4 O-O
16.Nb5 a6 17.Na3 Bxa4 18.Qd2 g5 19.g4 Bd7 20.h4 h6 21.c4 Ng6 22.h5 Nh4 23.O-O-O Qe7
24.c5 dxc5 25.d6 cxd6 26.Qxd6 Qxd6 27.Rxd6 cxb4 28.Nc2 Bb5 29.Bxb5 axb5 30.Rd3 Rfc8
31.Rhd1 b6 32.Nb3 Rc3 33.Rxc3 bxc3 34.Rd3 Rc8 35.Ne1 Kf7 36.Kc2 b4 37.Rd6 Ra8
38.Nc1 Ra6 39.Kb1 Ke7 40.Rc6 Nd7 41.Rxh6 Nc5 42.Kc2 Ne6 43.Rh7+ Kf8 44.h6 Kg8
45.Re7 Nd4+ 46.Kd3 Nhxf3 47.Nxf3 Nxf3 48.Kc4 Ra1 49.Kd5 Rxc1 50.Ke6 Rh1 51.Kd7 Nd4
52.Rxe5 c2 53.Rxg5+ Kh7  0-1

[Event "ch-UKR sf"]
[Site "Alushta UKR"]
[Date "2006.05.16"]
[Round "4"]
[White "Skliar,A"]
[Black "Luzhinsky,V"]
[Result "1/2-1/2"]
[WhiteElo "2361"]
[BlackElo "2231"]

1.e4 g6 2.d4 Bg7 3.Nc3 d6 4.f4 Nf6 5.Nf3 O-O 6.Be3 b6 7.Bc4 c5 8.e5 Ng4 9.Qe2 Nc6
10.O-O-O Nxe3 11.Qxe3 Bg4 12.dxc5 bxc5 13.Bd5 Qb6 14.h3 Bxf3 15.Bxf3 dxe5
16.Bxc6 Qxc6 17.fxe5 Rad8 18.g4 Rd4 19.Rde1 Rfd8 20.Rhf1 Qb7 21.Qf3 Qxf3
22.Rxf3 Bh6+ 23.Kb1 Bd2 24.Ref1 Bxc3 25.bxc3 Rb8+ 26.Kc1 Ra4 27.Rxf7 Rxa2
28.g5 c4 29.R1f3 Ra1+ 30.Kd2 Rd8+ 31.Ke2 Rc1 32.Rxe7 Rxc2+ 33.Ke3 Rxc3+ 34.Ke4 Rxf3
35.Kxf3 Rc8 36.Ke2 c3 37.Kd1 c2+ 38.Kc1 a5 39.Ra7 Rc5 40.e6 Kf8 41.h4 a4
42.Rxa4 Rc7 43.Rf4+ Ke8 44.Rf6 Rc4 45.h5  1/2-1/2

[Event "ch-UKR sf"]
[Site "Alushta UKR"]
[Date "2006.05.17"]
[Round "5"]
[White "Khaetsky,R"]
[Black "Yusupov,M"]
[Result "1-0"]
[WhiteElo "2408"]
[BlackElo "2153"]

1.e4 g6 2.d4 Bg7 3.Nc3 d6 4.h4 h5 5.Be2 Nc6 6.Be3 Nf6 7.f3 e5 8.d5 Ne7 9.Nh3 c6
10.Qd2 cxd5 11.exd5 Qa5 12.Nb5 Qxd2+ 13.Bxd2 Bxh3 14.Rxh3 Kd7 15.c4 a6 16.Nc3 Bh6
17.Bg5 Nfg8 18.Ne4 b6 19.g4 hxg4 20.fxg4 f5 21.Nf6+ Kc7 22.Bxh6 Nxh6 23.Kd2 Raf8
24.g5 Nhg8 25.Nxg8 Rfxg8 26.a4 Rg7 27.a5 Rgh7 28.axb6+ Kb7 29.c5 Nxd5 30.Bxa6+ Kc6
31.cxd6 Kxb6 32.Bc4 Rxh4 33.Ra6+ Kc5 34.Ra5+ Kxc4 35.b3+ Kb4 36.Rxh4+ Rxh4
37.Ra4+ Kc5 38.Rxh4 Kxd6 39.Rc4 Nb6 40.Rc1 Nd5 41.Rc8 Ne7 42.Rd8+ Kc5 43.Re8 Nc6
44.Re6 Nd4 45.Rxg6 Nxb3+ 46.Kc3 Nd4 47.Rf6 Ne2+ 48.Kc2 Ng3 49.g6 f4 50.g7 Nh5
51.g8=Q Nxf6 52.Qf8+  1-0

[Event "ch-UKR sf"]
[Site "Alushta UKR"]
[Date "2006.05.18"]
[Round "6"]
[White "Ivanov,AndA"]
[Black "Ajrapetjan,Y"]
[Result "1-0"]
[WhiteElo "2326"]
[BlackElo "2384"]

1.e4 g6 2.d4 Bg7 3.Nc3 d6 4.g3 Nf6 5.Bg2 O-O 6.Nge2 c6 7.a4 Qc7 8.a5 e5 9.O-O Nbd7
10.h3 b5 11.axb6 Nxb6 12.dxe5 dxe5 13.b3 Rd8 14.Qe1 Bb7 15.Be3 c5 16.Nb5 Qe7
17.Nec3 a6 18.Na3 Nfd7 19.Nc4 Nxc4 20.bxc4 f5 21.Nd5 Bxd5 22.cxd5 f4 23.Bd2 Rf8
24.Qe2 Rf6 25.Bf3 h5 26.Ra3 Qf7 27.Rfa1 Bf8 28.g4 c4 29.Ra4 hxg4 30.hxg4 Nc5
31.Rxc4 Rb6 32.Rb4 Rab8 33.Rab1 Qc7 34.Qc4 Bd6 35.Kg2 Nd7 36.Qxc7 Bxc7 37.Rxb6 Rxb6
38.Ra1 Nc5 39.Bc3 Bd6 40.Kf1 Kf7 41.Ke2 Kf6 42.Bg2 Rb8 43.f3 Rh8 44.Kf2 Rc8
45.Bd2 Rb8 46.Ra2 Rb1 47.Bf1 Rb6 48.Bc3 Rb8 49.Bxa6 Ra8 50.Bc4 Rc8 51.Ke2 Nxe4
52.fxe4 Rxc4 53.Kd3 Rc8 54.Ra6 Rd8 55.Bb4 Ke7 56.Bxd6+ Rxd6 57.Ra8 Rd8 58.Ra7+ Rd7
59.Ra1 Rb7 60.Ra6 Kf7 61.g5 Rb1 62.Rf6+ Kg7 63.d6 Re1 64.c3 f3 65.Rxf3 Rd1+
66.Kc4 Rxd6 67.Kc5 Rd1 68.c4 Rd4 69.Kb5 Rxe4 70.c5 Re1 71.c6 Rb1+ 72.Kc5 Rc1+
73.Kd5 e4 74.Re3 Rd1+ 75.Kxe4 Kf7 76.Rf3+ Ke7 77.Rf6 Kd8 78.Rxg6 Re1+ 79.Kf5 Rf1+
80.Ke6 Kc7 81.Ke7 Rf5 82.Ke6 Rf1 83.Rf6 Rg1 84.g6 Kxc6 85.Kf7+ Kc7 86.g7 Rb1
87.g8=Q Rb8  1-0

[Event "ch-St Petersburg w"]
[Site "St Petersburg RUS"]
[Date "2006.05.18"]
[Round "6"]
[White "Kirillova,V"]
[Black "Stjazhkina,O"]
[Result "1/2-1/2"]
[WhiteElo "2225"]
[BlackElo "2376"]

1.e4 d6 2.d4 g6 3.Nc3 Bg7 4.g3 Nc6 5.Be3 Nf6 6.h3 e5 7.Nge2 d5 8.dxe5 Nxe5
9.Bg2 Nc4 10.exd5 Nxe3 11.fxe3 O-O 12.O-O Nd7 13.e4 Ne5 14.b3 Qd6 15.Kh2 Bd7
16.Qd2 b5 17.Nd4 Qb6 18.Rad1 Rfd8 19.Qf2 b4 20.Nce2 Qa5 21.Nf3 Be8 22.Nxe5 Bxe5
23.Nf4 Qb6 24.Nd3 Qxf2 25.Rxf2 Bc3 26.e5 Rab8 27.Rdf1 Bb5 28.e6 f6 29.Rf4 Rd6
30.Rd1 Bxd3 31.Rxd3 Ra6 32.Rxc3 bxc3 33.a4 f5 34.Rc4 Rc8 35.Rxc3 Kf8 36.Rc5 Ke7
37.a5 Rd6 38.b4 g5 39.c4 Kf6 40.Rb5 Ke5 41.Rb7 a6 42.c5 Rxd5 43.Bxd5 Kxd5
44.e7 Kc6 45.Ra7 Re8 46.Rxa6+ Kd5 47.Rf6 Rxe7 48.a6 c6 49.Rxf5+ Kc4 50.Rf6 Rc7
51.Rf5 h6 52.Kg2 Kxb4 53.Kf3 Ra7 54.Rf6 Rxa6 55.Rxh6 Kxc5 56.Rg6 Kd4 57.Kg4 Ra4
58.Kxg5 c5 59.Rd6+ Ke3 60.Rd5 c4 61.h4 c3 62.Rc5 Kd3 63.Rxc3+ Kxc3 64.h5 Ra5+
65.Kg6 Ra6+ 66.Kg5  1/2-1/2

[Event "Muresul Cup"]
[Site "Arad ROM"]
[Date "2006.05.21"]
[Round "2"]
[White "Kosanovic,G"]
[Black "Butunoi,A"]
[Result "1-0"]
[WhiteElo "2414"]
[BlackElo "2414"]

1.e4 g6 2.d4 Bg7 3.Nc3 d6 4.Nf3 a6 5.a4 b6 6.h3 Bb7 7.Bc4 e6 8.Bg5 Ne7 9.Qd2 h6
10.Bh4 Nd7 11.O-O g5 12.Bg3 Nf6 13.Rfe1 Ng6 14.e5 Nh5 15.d5 Nxg3 16.fxg3 Nxe5
17.Nxe5 dxe5 18.Rad1 exd5 19.Bxd5 c6 20.Bxf7+ Kxf7 21.Qf2+ Qf6 22.Rd7+ Kg6
23.Qe2 Kh7 24.Rxb7 Rhb8 25.Rxb8 Rxb8 26.Qxa6 e4 27.Rxe4 Rd8 28.Qe2 Qd6 29.Re7 Qd4+
30.Kh2 Rd7 31.Rxd7 Qxd7 32.Qd3+ Qxd3 33.cxd3 Kg6 34.g4 Kf6 35.Kg3 Ke5 36.Kf3 Kd4
37.Ke2 Kc5 38.Kd2 Kb4 39.Kc2 Bxc3 40.bxc3+ Kxa4 41.d4 Ka3 42.c4 Kb4 43.Kd3 b5
44.c5 Ka5 45.Kc3 b4+ 46.Kb3 Kb5 47.g3 Ka5 48.Kc4 Ka4 49.d5 cxd5+ 50.Kxd5 b3
51.c6 b2 52.c7 b1=Q 53.c8=Q Qh1+ 54.Ke5 Qxh3 55.Qc4+ Ka3 56.Qd3+ Kb2 57.Kf5 Kc1
58.Qf3 Kd2 59.Kg6 Ke1 60.Kh7 Qh2 61.Qc3+ Kf2 62.Qd2+ Kxg3 63.Qxh2+  1-0

[Event "37th Olympiad w"]
[Site "Turin ITA"]
[Date "2006.05.21"]
[Round "1"]
[White "Castaneda,Ad"]
[Black "Bogza,A"]
[Result "0-1"]
[WhiteElo "2017"]
[BlackElo "2297"]

1.e4 g6 2.d4 Bg7 3.Nc3 d6 4.Be3 c6 5.f3 b5 6.a3 a6 7.Qd2 Nd7 8.Nge2 Bb7 9.g4 c5
10.dxc5 dxc5 11.Rd1 Qc7 12.Nf4 e6 13.h4 Bc6 14.Qd6 Qxd6 15.Rxd6 Ne7 16.h5 Be5
17.Rd2 c4 18.Nfe2 O-O-O 19.Nd4 Bg3+ 20.Kd1 Bb7 21.Bg5 f6 22.Be3 Nc5 23.hxg6 Nxg6
24.Nce2 Bd6 25.Bh3 Be7 26.Bg2 Ne5 27.Nf4 c3 28.b4 cxd2 29.bxc5 Nc4  0-1